000 00443nam a2200181Ia 4500
001 19283
005 20260306172641.0
008 260306t2013||||xx |||||||||||||| ||spa||
041 _aESP
082 _a658.83
_bD52
100 _aDelgado, Juan
_eAUT
245 0 _aDías de compra misteriosa, aplicaciones prácticas de Mystery Shopping
260 _c2013
300 _a
_c
650 _aGEN
654 _aCAN
942 _cLIB
_dJUS
_fJUS
_2ddc
_n
999 _c19283
_d19283